00461nam a2200157Ia 4500003000400000008004100004040001600045082001600061100002100077245008800098260004500186300001000231650003300241650000800274650002100282GCL140319s9999 xx 000 0 eng d aGCL / cGCL04a340.03bB D1 aBADAOWI, A. ZAKI10aDICTIONNAIRE DES TERMES JURIDIQUES: FRANCAIS - ANGLAIS - ARABE / cBADAOWI, A. ZAKI a[S.N] : bDAR ELKITAB AL MARRI ، c1989 a267 P04aFRENCH LANGUAGE - DICTIONARY04aLAW04aLAW - DICTIONARY